000 00666nam a22002177a 4500
999 _c5160
_d5160
001 2485240
003 GZU
005 20210330083603.0
008 910510s1989 rh 000 0 nde
010 _a 90981131
020 _a0869224484
040 _aDLC
_cDLC
050 0 0 _aPL8848.8
245 0 0 _aEzivusa usinga /
_ccompiled and edited by the Literature Bureau.
260 _aGweru, Zimbabwe :
_bMambo Press in association with the Literature Bureau,
_c1989.
300 _a253 p. ;
_c22 cm.
710 2 _aLiterature Bureau (Zimbabwe)
906 _a7
_bcbc
_corignew
_du
_encip
_f19
_gy-gencatlg
942 _2lcc
_cBK
_h8848.8
_iLIT
_kPL
_m1995